000 00371nam a22001457a 4500
020 _a81-7371-562-9
082 _a510
_bPOS/M
100 _aPOSAMENTIER, ALFRED S
245 _aMATH CHARMERS
_bTANTALIZING TIDBITS FOR THE MIND
250 _aFIRST EDITION
260 _aHYDERABAD
_bUNIVERSITIES PRESS
_c2007
300 _a301
650 _aMATH REFERENCE
_zINDIA
942 _cBK
999 _c1300
_d1300